000 01685nam a2200253Ia 4500
005 20240117092139.0
008 130821s1936 ck fr dspa
040 _aCo-BoUCM
_bspa
_cSandra Yazo
_dSandra Yazo
041 _aspa
082 0 4 _a863
_220
092 _aE52N050
245 0 0 _aTres cuentistas jóvenes
_b(Manuel García Herreros, J. A. Osorio Lizarazo y E. Arias Suárez)
260 _aBogotá (Colombia)
_bEditorial Minerva S. A.
_c1936
300 _a169, [1] páginas
_c18 x 14 cm.
490 0 _aBiblioteca Aldeana de Colombia
_v17
500 _aDetalles físicos: Sin encuadernación original. Actualmente: Encuadernación rígida (holandesa) en cartón forrado en papel jaspeado en tono azul. Lomo de tela, con letras y líneas decorativas en dorado. Cortes decorados (jaspeado azul). Guardas. Hoja de cortesía. Portada impresa en una sola tinta. Grabado con el emblema de la Colección. Texto impreso en una sola columna, con diferentes tipos y tamaños de letra. Notas de pie de página. Papel oxidado en bordes de las hojas. En la encuadernación (lomo) se indica una numeración (17)l. Colección Aldeana de Colombia es una selección de Samper Ortega de Literatura Colombiana.
505 1 _aTres cuentistas jóvenes -- M. García Herreros: Lejos del mar -- J. A. Osorio Lizarazo: Job -- E. Arias Suárez: Los pijamas ; Se vende un canario ; Envejecer
506 _aConsulta en sala
650 7 _aLiteratos colombianos
_918595
_xHombres
650 7 _aAutores colombianos
_99810
_xCrítica e interpretación
650 7 _aCuentos colombianos
_984428
_vColecciones
690 _aLiteratura colombiana
_918629
942 _cLIBRO
_a18
_e1
_2LOCAL
_hE52N050
999 _c323351
_d323351